000 00694nam a22002417a 4500
005 20170123162334.0
010 _aA-905764
020 _c125.00
035 _aA-905764
037 _bCen Lib/Ret
040 _aDPL
_bUR
082 _aن
_bچ ش ت
100 _aچشتی، سیدہ نسیم
_9376
245 _aگل بن /
_cسیدہ نسیم چشتی
246 _aGul ban /
_bby Sayyada Naseem Chishti
260 _bسیدہ نسیم چشتی
300 _a518p.
_c21cm(Hb)
650 _aادب - اردو
_9140797
650 _aاردو ناول
_9140798
650 _aLiterature - Urdu
_9140799
650 _aUrdu novel
_9140800
942 _2ddc
_cUR
_hن
_mچ ش ت
999 _c108019
_d108019